00347nam a2200121Ia 4500008004100000082001700041100001400058245004100072260002400113365000600137630004100143730004100184100415s9999 xx 000 0 und d b19489a574.5 aBUCH M.N. aEnvironmental Impact of Urbanisation aPUNEc1989bPARISAR b4 aEnvironmental Impact of Urbanisation aEnvironmental Impact of Urbanisation